000
00338nam a2200133Ia 4500
008
240624s9999 xx 000 0 und d
041
_a
eng
082
_a
658.4056 CAR
100
_a
CARSRUD ALAN L
245
_a
UNDERSTANDING FAMILY FIRMS CASE STUDIES
260
_c
2011
_a
Toronto
_b
Springer
300
_a
x, : 102 : p.
365
_c
ERU
_b
28
999
_c
20409
_d
20409